Местное самоуправление и организация власти; Прогрессивные технологии и экономика в машиностроении; Т. 2

Détails bibliographiques
Parent link:Прогрессивные технологии и экономика в машиностроении: труды III Всероссийской научно-практической конференции, 19-21 мая 2005 года, Юрга/ Томский политехнический университет ; под ред. О. Ю. Ретюнского.— , 2005
Т. 2.— 2005.— С. 60-61
Auteur principal: Андреев А. В.
Autres auteurs: Стариков Г. И. Геннадий Иванович
Langue:russe
Publié: 2005
Sujets:
Format: MixedMaterials Chapitre de livre
KOHA link:https://koha.lib.tpu.ru/cgi-bin/koha/opac-detail.pl?biblionumber=137436

MARC

LEADER 00000naa2a2200000 4500
001 137436
005 20251203160711.0
035 |a (RuTPU)RU\TPU\book\148951 
090 |a 137436 
100 |a 20080512d2005 k y0rusy50 ca 
101 0 |a rus 
102 |a RU 
200 1 |a Местное самоуправление и организация власти  |f А. В. Андреев, Г. И. Стариков 
461 1 |0 (RuTPU)RU\TPU\book\118979  |t Прогрессивные технологии и экономика в машиностроении  |o труды III Всероссийской научно-практической конференции, 19-21 мая 2005 года, Юрга  |o в 2 т.  |f Томский политехнический университет ; под ред. О. Ю. Ретюнского  |d 2005 
463 0 |0 (RuTPU)RU\TPU\book\118379  |t Т. 2  |v С. 60-61  |d 2005 
610 1 |a самоуправление 
610 1 |a власть 
610 1 |a организация 
610 1 |a местное самоуправление 
610 1 |a объединение 
610 1 |a административное деление 
610 1 |a территориальное деление 
610 1 |a труды учёных ТПУ 
700 1 |a Андреев  |b А. В. 
701 1 |a Стариков  |b Г. И.  |c доцент, кандидат экономических наук  |c Юргинский технологический инстиут (филиал) Томского политехнического университета  |g Геннадий Иванович  |3 (RuTPU)RU\TPU\pers\25121 
801 1 |a RU  |b 63413507  |c 20080512 
801 2 |a RU  |b 63413507  |c 20130710  |g PSBO 
942 |c BK